Getting the message : A reading course for schools (student's book 1)

Guardado en:
Detalles Bibliográficos
Autor principal: Dermot Murphy
Formato: Libro
Lenguaje:Undetermined
Publicado: Cambridge, UK Cambridge Univ. Press 1995
Materias:
Etiquetas: Agregar Etiqueta
Sin Etiquetas, Sea el primero en etiquetar este registro!
Thư viện lưu trữ: Trung tâm Học liệu Trường Đại học Cần Thơ
LEADER 00617nam a2200205Ia 4500
001 CTU_57610
008 210402s9999 xx 000 0 und d
020 |b 92000 
082 |a 428.64 
082 |b M978/T1 
100 |a Dermot Murphy 
245 0 |a Getting the message : A reading course for schools (student's book 1) 
245 0 |c Dermot Murphy and Janelle Cooper 
260 |a Cambridge, UK 
260 |b Cambridge Univ. Press 
260 |c 1995 
650 |a english language,english language 
650 |x readers,for foreigners 
904 |i Minh 
980 |a Trung tâm Học liệu Trường Đại học Cần Thơ